[Event "Vladivostok op"]
[Site "Vladivostok"]
[Date "2011.04.02"]
[Round "8"]
[White "Krivoruchko, Denis"]
[Black "Nechepurenko, Dmitriy"]
[Result "0-1"]
[WhiteElo "1851"]
[BlackElo "1964"]
[PlyCount "46"]
[EventDate "2011.03.26"]
[EventType "swiss"]
[EventRounds "9"]
[EventCountry "RUS"]
[SourceTitle "CBM 141 Extra"]
[Source "ChessBase"]
[SourceDate "2011.05.03"]
[SourceVersion "1"]
[SourceVersionDate "2011.05.03"]
[SourceQuality "1"]

1. e4 c6 2. d4 d5 3. e5 Bf5 4. g4 Bg6 5. h4 h5 6. g5 e6 7. Bd3 Bxd3 8. Qxd3 g6 9. Ne2 c5 10. c3 Nc6 11. 0-0 Qb6 12. b3 Rc8 13. Ba3 cxd4 14. cxd4 Bxa3 15. Nxa3 Nge7 16. Qb5 Qc7 17. Ng3 0-0 18. Qd3 a6 19. Rfc1 Qb6 20. Rc5 Nxe5 21. Qe2 N5c6 22. Qd2 Nxd4 23. Qxd4 Qxc5 0-1

[Event "Vladivostok op"]
[Site "Vladivostok"]
[Date "2011.04.01"]
[Round "7"]
[White "Pavlovskiy, Mikhail"]
[Black "Nechepurenko, Dmitriy"]
[Result "1/2-1/2"]
[WhiteElo "2214"]
[BlackElo "1964"]
[PlyCount "121"]
[EventDate "2011.03.26"]
[EventType "swiss"]
[EventRounds "9"]
[EventCountry "RUS"]
[SourceTitle "CBM 141 Extra"]
[Source "ChessBase"]
[SourceDate "2011.05.03"]
[SourceVersion "1"]
[SourceVersionDate "2011.05.03"]
[SourceQuality "1"]

1. e4 c6 2. d4 d5 3. Nd2 dxe4 4. Nxe4 Bf5 5. Ng3 Bg6 6. Nf3 Nd7 7. Bd3 e6 8. 0-0 Ngf6 9. Bg5 Be7 10. Re1 Qc7 11. c3 0-0 12. Bxg6 hxg6 13. Qc2 b5 14. Ne4 b4 15. cxb4 Bxb4 16. Rec1 Rac8 17. Bxf6 gxf6 18. a3 Be7 19. b4 f5 20. Ned2 Qb7 21. Nb3 Bd8 22. Qd2 Kg7 23. Rc2 Rh8 24. h3 Qa6 25. Qe2 Qa4 26. Nc5 Nxc5 27. Rxc5 Bb6 28. Qc2 Qxc2 29. Rxc2 Rhd8 30. Rc4 Rc7 31. Rac1 Rcd7 32. Rxc6 Bxd4 33. Nxd4 Rxd4 34. Rc7 R4d7 35. Kf1 Kf6 36. Rxd7 Rxd7 37. Ke2 f4 38. Rc5 e5 39. f3 Ke6 40. Rc6+ Rd6 41. Rxd6+ Kxd6 42. h4 f5 43. Kd3 Kd5 44. a4 e4+ 45. fxe4+ fxe4+ 46. Kc3 a6 47. b5 axb5 48. axb5 Kc5 49. b6 Kxb6 50. Kd4 e3 51. Kd3 Kc5 52. g3 fxg3 53. Kxe3 Kd5 54. Kf3 g2 55. Kxg2 Ke4 56. Kg3 Kf5 57. Kf3 g5 58. h5 g4+ 59. Kg3 Kg5 60. h6 Kxh6 61. Kxg4 1/2-1/2

[Event "Vladivostok op"]
[Site "Vladivostok"]
[Date "2011.03.31"]
[Round "6"]
[White "Nechepurenko, Dmitriy"]
[Black "Tsigankov, Vladimir"]
[Result "1-0"]
[WhiteElo "1964"]
[BlackElo "1870"]
[PlyCount "66"]
[EventDate "2011.03.26"]
[EventType "swiss"]
[EventRounds "9"]
[EventCountry "RUS"]
[SourceTitle "CBM 141 Extra"]
[Source "ChessBase"]
[SourceDate "2011.05.03"]
[SourceVersion "1"]
[SourceVersionDate "2011.05.03"]
[SourceQuality "1"]

1. e4 d6 2. d4 e6 3. c4 Nf6 4. Nc3 Be7 5. f3 Nc6 6. Be3 0-0 7. Qd2 a6 8. 0-0-0 b6 9. g4 Bb7 10. h4 d5 11. g5 Nh5 12. exd5 exd5 13. Nxd5 Bd6 14. Be2 Ne7 15. Nf4 Ng3 16. Rh3 Nxe2+ 17. Ngxe2 Nf5 18. Bf2 a5 19. Rg1 Re8 20. Qd3 Qd7 21. h5 Rad8 22. g6 h6 23. gxf7+ Qxf7 24. Ng6 Bc8 25. Rhh1 Be7 26. Ne5 Qe6 27. Nf4 Bg5 28. Rxg5 Qxe5 29. dxe5 Rxd3 30. Rxg7+ Kxg7 31. Nxd3 Kf7 32. Re1 Bb7 33. f4 Bf3 1-0

[Event "Vladivostok op"]
[Site "Vladivostok"]
[Date "2011.03.28"]
[Round "3"]
[White "Nechepurenko, Dmitriy"]
[Black "Kalinin, Oleg"]
[Result "1-0"]
[WhiteElo "1964"]
[BlackElo "2375"]
[PlyCount "21"]
[EventDate "2011.03.26"]
[EventType "swiss"]
[EventRounds "9"]
[EventCountry "RUS"]
[SourceTitle "CBM 141 Extra"]
[Source "ChessBase"]
[SourceDate "2011.05.03"]
[SourceVersion "1"]
[SourceVersionDate "2011.05.03"]
[SourceQuality "1"]

1. e4 e5 2. Nc3 Nc6 3. Nf3 Bc5 4. Nxe5 Bxf2+ 5. Kxf2 Nxe5 6. d4 Ng6 7. Be2 d6 8. Rf1 N8e7 9. Kg1 0-0 10. Bg5 f6 11. Bc4+ 1-0

[Event "Vladivostok op"]
[Site "Vladivostok"]
[Date "2011.03.27"]
[Round "2"]
[White "Musaev, Rasul"]
[Black "Nechepurenko, Dmitriy"]
[Result "1-0"]
[WhiteElo "2156"]
[BlackElo "1964"]
[PlyCount "77"]
[EventDate "2011.03.26"]
[EventType "swiss"]
[EventRounds "9"]
[EventCountry "RUS"]
[SourceTitle "CBM 141 Extra"]
[Source "ChessBase"]
[SourceDate "2011.05.03"]
[SourceVersion "1"]
[SourceVersionDate "2011.05.03"]
[SourceQuality "1"]

1. e4 c6 2. d4 d5 3. e5 Bf5 4. Nf3 e6 5. Be2 c5 6. 0-0 Nc6 7. b3 Qb6 8. Bb2 Rc8 9. c3 Nge7 10. Nh4 Ng6 11. Nxf5 exf5 12. Bd3 Nge7 13. Re1 c4 14. Be2 g6 15. Na3 Bg7 16. Bxc4 Nxe5 17. Bxd5 Nxd5 18. dxe5 Nxc3 19. Bxc3 Rxc3 20. Nc4 Rxc4 21. bxc4 0-0 22. Rb1 Qc7 23. Qd5 b6 24. e6 fxe6 25. Rxe6 Kh8 26. Rbe1 Qb8 27. Re7 Bc3 28. Qd7 Qf4 29. Re8 Bb4 30. Rxf8+ Bxf8 31. Qf7 Qd6 32. g3 f4 33. Re8 Qd1+ 34. Kg2 f3+ 35. Qxf3 Qxf3+ 36. Kxf3 Kg7 37. Ke4 a5 38. Rc8 Bc5 39. Rxc5 1-0

[Event "Vladivostok-ch"]
[Site "Vladivostok"]
[Date "2010.10.22"]
[Round "8"]
[White "Nechepurenko, Dmitriy"]
[Black "Starkov, Dmitry"]
[Result "1-0"]
[WhiteElo "1943"]
[BlackElo "1993"]
[PlyCount "65"]
[EventDate "2010.10.15"]
[EventType "swiss"]
[EventRounds "9"]
[EventCountry "RUS"]
[SourceTitle "EXT 2022"]
[Source "ChessBase"]
[SourceDate "2021.10.06"]
[SourceVersion "1"]
[SourceVersionDate "2021.10.06"]
[SourceQuality "1"]

1. e4 d6 2. d4 g6 3. f3 Bg7 4. Be3 Nf6 5. Qd2 0-0 6. Nc3 Nbd7 7. 0-0-0 e5 8. Nge2 Qe7 9. g4 exd4 10. Bxd4 Ne5 11. Bg2 Be6 12. b3 c6 13. g5 Ne8 14. f4 Nd7 15. Bxg7 Kxg7 16. Rdf1 f6 17. f5 Bf7 18. h4 Ne5 19. Rhg1 b5 20. Bh1 a5 21. a4 b4 22. Nd1 c5 23. Nf4 c4 24. Nh5+ Kh8 25. gxf6 Qc7 26. fxg6 Bxg6 27. Nf4 Qf7 28. Nxg6+ Nxg6 29. e5 Rc8 30. Bd5 Qc7 31. f7 Ng7 32. Rxg6 cxb3 33. Bxb3 1-0

[Event "Vladivostok-ch"]
[Site "Vladivostok"]
[Date "2010.10.20"]
[Round "6"]
[White "Rastorotskiy, Mikhail"]
[Black "Nechepurenko, Dmitriy"]
[Result "1/2-1/2"]
[WhiteElo "2021"]
[BlackElo "1943"]
[PlyCount "83"]
[EventDate "2010.10.15"]
[EventType "swiss"]
[EventRounds "9"]
[EventCountry "RUS"]
[SourceTitle "EXT 2022"]
[Source "ChessBase"]
[SourceDate "2021.10.06"]
[SourceVersion "1"]
[SourceVersionDate "2021.10.06"]
[SourceQuality "1"]

1. d4 Nf6 2. Nf3 g6 3. c4 Bg7 4. Nc3 0-0 5. e4 d6 6. Be2 e5 7. 0-0 exd4 8. Nxd4 Re8 9. f3 Nc6 10. Be3 Nh5 11. Qd2 f5 12. Rad1 fxe4 13. Nxe4 Nf6 14. Nc3 Qe7 15. Bf2 Be6 16. Rfe1 Nxd4 17. Bxd4 Qf7 18. b3 Bd7 19. Bf1 Rxe1 20. Rxe1 Re8 21. Rxe8+ Qxe8 22. Kf2 a6 23. Nd5 Nxd5 24. Bxg7 Kxg7 25. Qxd5 Bc6 26. Qd4+ Qe5 27. Qxe5+ dxe5 28. Ke3 Kf6 29. Bd3 a5 30. Be4 Bxe4 31. Kxe4 Ke6 32. g4 h6 33. a3 c6 34. b4 axb4 35. axb4 Kd6 36. h4 b6 37. g5 hxg5 38. hxg5 b5 39. cxb5 cxb5 40. Ke3 Kd5 41. Kd3 Kd6 42. Ke3 1/2-1/2

[Event "Vladivostok-ch"]
[Site "Vladivostok"]
[Date "2010.10.18"]
[Round "4"]
[White "Li, Albert"]
[Black "Nechepurenko, Dmitriy"]
[Result "0-1"]
[WhiteElo "2014"]
[BlackElo "1943"]
[PlyCount "76"]
[EventDate "2010.10.15"]
[EventType "swiss"]
[EventRounds "9"]
[EventCountry "RUS"]
[SourceTitle "EXT 2022"]
[Source "ChessBase"]
[SourceDate "2021.10.06"]
[SourceVersion "1"]
[SourceVersionDate "2021.10.06"]
[SourceQuality "1"]

1. d4 Nf6 2. c4 g6 3. Nc3 Bg7 4. Nf3 0-0 5. g3 d6 6. Bg2 Bf5 7. Nh4 Bc8 8. 0-0 c6 9. e4 e5 10. d5 cxd5 11. Nxd5 Nxd5 12. Qxd5 Qc7 13. Bg5 Be6 14. Qd2 Qxc4 15. Qxd6 Qc6 16. Qd2 Nd7 17. Rac1 Qb6 18. Be3 Qd8 19. Rfd1 b6 20. Nf3 Rc8 21. Ng5 Nc5 22. Qb4 Qe7 23. Nxe6 Qxe6 24. Qa3 Rc7 25. Rd5 Rfc8 26. Rcd1 Bf8 27. b4 Nd7 28. Qa4 Nf6 29. Rd8 Qe7 30. Rxc8 Rxc8 31. a3 Ng4 32. Rd7 Qf6 33. Qb3 Bh6 34. f4 Nxe3 35. Qxe3 exf4 36. Qd2 fxg3 37. Qe2 Rc1+ 38. Rd1 Qf2+ 0-1

[Event "Vladivostok U20 op"]
[Site "Vladivostok"]
[Date "2010.09.27"]
[Round "8"]
[White "Biryukov, Mikhail"]
[Black "Nechepurenko, Dmitriy"]
[Result "1-0"]
[WhiteElo "2137"]
[BlackElo "1943"]
[PlyCount "135"]
[EventDate "2010.09.20"]
[EventType "swiss"]
[EventRounds "9"]
[EventCountry "RUS"]
[SourceTitle "CBM 138 Extra"]
[Source "ChessBase"]
[SourceDate "2010.10.29"]
[SourceVersion "1"]
[SourceVersionDate "2010.10.29"]
[SourceQuality "1"]

1. Nf3 Nf6 2. d4 g6 3. Bf4 Bg7 4. e3 0-0 5. Bd3 d6 6. 0-0 Nc6 7. c3 Re8 8. Bg3 e5 9. dxe5 Nxe5 10. Nxe5 dxe5 11. Bc4 Be6 12. Na3 Ne4 13. Bxe6 Rxe6 14. Qc2 Nxg3 15. hxg3 Bf8 16. Rfd1 Bd6 17. Nc4 Qe8 18. Qe4 Qb5 19. Rd5 Qc6 20. Rad1 Rae8 21. Qd3 Bf8 22. e4 b6 23. b3 a5 24. a3 Qa8 25. Rd7 b5 26. Qf3 Be7 27. Ne3 Rf8 28. Qe2 c6 29. Ng4 Re8 30. Qf3 Rf8 31. Rxe7 Rxe7 32. Qf6 h5 33. Nh6+ Kh7 34. Nf5 gxf5 35. Qxf5+ Kh6 36. Qf6+ Kh7 37. Qxe7 Qe8 38. Qg5 f6 39. Qf5+ Kg7 40. Qd7+ Qf7 41. Rd6 Qxd7 42. Rxd7+ Kg6 43. Rc7 b4 44. axb4 axb4 45. Rxc6 bxc3 46. Rxc3 Rb8 47. f3 Rb4 48. Kf2 Kg5 49. Ke3 Rb6 50. Rd3 Rb4 51. Kd2 Rb6 52. Kc2 h4 53. gxh4+ Kxh4 54. Rd8 Kg3 55. Rg8+ Kf4 56. Kd2 f5 57. Rf8 Rxb3 58. Rxf5+ Kg3 59. Rxe5 Kxg2 60. Rf5 Kg3 61. e5 Rb5 62. Ke3 Ra5 63. Ke4 Ra4+ 64. Kd5 Ra5+ 65. Ke6 Kf2 66. Kf6 Ra8 67. e6 Rf8+ 68. Ke5 1-0

[Event "Vladivostok U20 op"]
[Site "Vladivostok"]
[Date "2010.09.23"]
[Round "4"]
[White "Chuhachev, Vladimir"]
[Black "Nechepurenko, Dmitriy"]
[Result "0-1"]
[WhiteElo "2035"]
[BlackElo "1943"]
[PlyCount "54"]
[EventDate "2010.09.20"]
[EventType "swiss"]
[EventRounds "9"]
[EventCountry "RUS"]
[SourceTitle "CBM 138 Extra"]
[Source "ChessBase"]
[SourceDate "2010.10.29"]
[SourceVersion "1"]
[SourceVersionDate "2010.10.29"]
[SourceQuality "1"]

1. e4 c6 2. d4 d5 3. e5 Bf5 4. Nc3 e6 5. g4 Bg6 6. Nge2 c5 7. Be3 Qb6 8. f4 Nc6 9. f5 exf5 10. dxc5 Bxc5 11. Nxd5 Qa5+ 12. b4 Bxb4+ 13. c3 0-0-0 14. Bg2 Bc5 15. Qb3 Rxd5 16. Bxd5 Bxe3 17. gxf5 Bxf5 18. Rf1 Nge7 19. Rd1 Rd8 20. Bxc6 bxc6 21. Rxd8+ Qxd8 22. Qb2 Bg6 23. Rf3 Qd3 24. Nf4 Qe4 25. Qe2 Qb1+ 26. Qd1 Qxd1+ 27. Kxd1 Bc5 0-1

[Event "Vladivostok op-B"]
[Site "Vladivostok"]
[Date "2010.08.10"]
[Round "7"]
[White "Rastorotskiy, Mikhail"]
[Black "Nechepurenko, Dmitriy"]
[Result "1/2-1/2"]
[WhiteElo "2043"]
[BlackElo "1871"]
[PlyCount "132"]
[EventDate "2010.08.04"]
[EventType "swiss"]
[EventRounds "9"]
[EventCountry "RUS"]
[SourceTitle "EXT 2011"]
[Source "ChessBase"]
[SourceDate "2010.11.26"]
[SourceVersion "1"]
[SourceVersionDate "2010.11.26"]
[SourceQuality "1"]

1. d4 Nf6 2. Nf3 g6 3. c4 Bg7 4. Nc3 0-0 5. e4 d6 6. Be2 e5 7. 0-0 exd4 8. Nxd4 Nc6 9. Be3 Re8 10. f3 Nh5 11. Qd2 f5 12. Rad1 f4 13. Bf2 Qg5 14. Rfe1 Ne5 15. Kh1 Nc6 16. Ndb5 Bxc3 17. Nxc3 Be6 18. Nd5 Rac8 19. g4 Ng7 20. Qxf4 Qxf4 21. Nxf4 Rf8 22. Nd5 Bxg4 23. Kg2 Be6 24. a3 Nh5 25. Be3 Bxd5 26. cxd5 Ne5 27. Rc1 Nf4+ 28. Bxf4 Rxf4 29. Kg3 g5 30. Rc3 h6 31. Rec1 Rf7 32. Bf1 c6 33. dxc6 Rxc6 34. Bc4 Nxc4 35. Rxc4 Rfc7 36. Rxc6 bxc6 37. Kg4 Kg7 38. Rd1 Rd7 39. Kf5 Rf7+ 40. Kg4 Rf4+ 41. Kg3 Rf6 42. Rd4 Kg6 43. Ra4 Rf7 44. Ra6 Rc7 45. b4 Kf6 46. b5 cxb5 47. Rxd6+ Kg7 48. Ra6 Rb7 49. Kg4 Rf7 50. Ra5 Rb7 51. e5 b4 52. axb4 Rxb4+ 53. Kg3 Rb7 54. Ra3 Re7 55. f4 gxf4+ 56. Kxf4 Rf7+ 57. Ke4 h5 58. h4 Rb7 59. Kf5 Re7 60. e6 Rb7 61. Ke5 Kf8 62. Kd6 Ke8 63. Ra5 Rb6+ 64. Ke5 Rb4 65. Rxa7 Rxh4 66. Rh7 Rh1 1/2-1/2

[Event "Vladivostok op-B"]
[Site "Vladivostok"]
[Date "2010.08.04"]
[Round "1"]
[White "Nechepurenko, Dmitriy"]
[Black "Belyi, Vladimir"]
[Result "1-0"]
[WhiteElo "1871"]
[BlackElo "2186"]
[PlyCount "61"]
[EventDate "2010.08.04"]
[EventType "swiss"]
[EventRounds "9"]
[EventCountry "RUS"]
[SourceTitle "EXT 2011"]
[Source "ChessBase"]
[SourceDate "2010.11.26"]
[SourceVersion "1"]
[SourceVersionDate "2010.11.26"]
[SourceQuality "1"]

1. e4 e5 2. Nf3 Nc6 3. Nc3 Nf6 4. d4 exd4 5. Nxd4 d6 6. Bc4 Ne5 7. Bb3 Be7 8. f4 Bg4 9. Nf3 Nxf3+ 10. gxf3 Bd7 11. Be3 Nh5 12. Qd5 Bh4+ 13. Kd2 Qe7 14. Qxh5 g6 15. Qd5 c6 16. Qd3 0-0 17. Rad1 a5 18. Kc1 d5 19. exd5 Bf5 20. Qd2 a4 21. Nxa4 Rfe8 22. Bc5 Qe2 23. Qxe2 Rxe2 24. Nc3 Ree8 25. dxc6 bxc6 26. Ne4 Bxe4 27. fxe4 Rxe4 28. Rhf1 Re2 29. Rd7 Kg7 30. Rxf7+ Kh6 31. Bf8+ 1-0

[Event "Vladivostok Cup"]
[Site "Vladivostok"]
[Date "2010.03.26"]
[Round "8"]
[White "Nechepurenko, Dmitriy"]
[Black "Znamenskiy, Valeriy"]
[Result "1-0"]
[WhiteElo "1868"]
[BlackElo "1757"]
[PlyCount "48"]
[EventDate "2010.03.19"]
[EventType "swiss"]
[EventRounds "9"]
[EventCountry "RUS"]
[SourceTitle "EXT 2022"]
[Source "ChessBase"]
[SourceDate "2021.10.06"]
[SourceVersion "1"]
[SourceVersionDate "2021.10.06"]
[SourceQuality "1"]

1. e4 Nc6 2. d4 d5 3. exd5 Qxd5 4. Nf3 Bf5 5. Nc3 Qa5 6. a3 0-0-0 7. Be3 Nf6 8. b4 Nxb4 9. axb4 Qxb4 10. Bd2 Qb6 11. Nb5 a6 12. Ne5 Qe6 13. Bc4 Nd5 14. Nc3 c6 15. 0-0 f6 16. Bxd5 cxd5 17. Nf3 g5 18. Rb1 h5 19. Na4 Qg8 20. Nc5 h4 21. Rxb7 e6 22. Qb1 Bxc5 23. dxc5 e5 24. c6 Re8 1-0

[Event "Vladivostok Cup"]
[Site "Vladivostok"]
[Date "2010.03.24"]
[Round "6"]
[White "Nechepurenko, Dmitriy"]
[Black "Ibraeva, Galina"]
[Result "1/2-1/2"]
[WhiteElo "1868"]
[BlackElo "1851"]
[PlyCount "64"]
[EventDate "2010.03.19"]
[EventType "swiss"]
[EventRounds "9"]
[EventCountry "RUS"]
[SourceTitle "EXT 2022"]
[Source "ChessBase"]
[SourceDate "2021.10.06"]
[SourceVersion "1"]
[SourceVersionDate "2021.10.06"]
[SourceQuality "1"]

1. e4 e5 2. Nf3 Nc6 3. Nc3 Nf6 4. d4 exd4 5. Nxd4 Bc5 6. Nxc6 dxc6 7. Qxd8+ Kxd8 8. Bc4 Ke7 9. Bf4 Bb6 10. Bg3 Be6 11. Bxe6 Kxe6 12. Ke2 Rad8 13. Rad1 Rhe8 14. f3 Nh5 15. Na4 Nxg3+ 16. hxg3 h6 17. Nxb6 cxb6 18. Rxd8 Rxd8 19. Rd1 Re8 20. Ke3 f5 21. g4 fxe4 22. fxe4 c5 23. c3 b5 24. b4 b6 25. a3 Rc8 26. Rd3 a5 27. g3 axb4 28. axb4 cxb4 29. cxb4 Rc4 30. Rd4 Rc3+ 31. Rd3 Rc4 32. Rd4 Rc3+ 1/2-1/2

[Event "Vladivostok Cup"]
[Site "Vladivostok"]
[Date "2010.03.20"]
[Round "2"]
[White "Petrenko, Andrey"]
[Black "Nechepurenko, Dmitriy"]
[Result "1-0"]
[WhiteElo "1825"]
[BlackElo "1868"]
[PlyCount "97"]
[EventDate "2010.03.19"]
[EventType "swiss"]
[EventRounds "9"]
[EventCountry "RUS"]
[SourceTitle "EXT 2022"]
[Source "ChessBase"]
[SourceDate "2021.10.06"]
[SourceVersion "1"]
[SourceVersionDate "2021.10.06"]
[SourceQuality "1"]

1. e4 c6 2. d4 d5 3. Nd2 dxe4 4. Nxe4 Bf5 5. Ng3 Bg6 6. h4 h6 7. Nf3 e6 8. h5 Bh7 9. Bd3 Bxd3 10. Qxd3 c5 11. Be3 Qb6 12. 0-0-0 Nc6 13. dxc5 Qc7 14. Ne4 Rd8 15. Nd6+ Bxd6 16. cxd6 Qd7 17. Qc3 Nf6 18. Ne5 Ne4 19. Qd3 Nxf2 20. Bxf2 Nxe5 21. Qg3 f6 22. Bxa7 0-0 23. Be3 Kh8 24. Kb1 Qc6 25. Rd4 Rxd6 26. Rhd1 Rfd8 27. a3 Rxd4 28. Rxd4 Rxd4 29. Bxd4 Qd5 30. Bxe5 fxe5 31. Qf3 e4 32. Qe2 Qd4 33. c4 Qd3+ 34. Qxd3 exd3 35. a4 Kg8 36. c5 Kf7 37. c6 bxc6 38. a5 e5 39. a6 e4 40. a7 e3 41. a8Q e2 42. Qa5 c5 43. Kc1 c4 44. Kd2 Kf6 45. Qd5 g5 46. hxg6 Kxg6 47. Qxc4 Kg5 48. b4 h5 49. b5 1-0

[Event "Primorie-ch U20 op"]
[Site "Vladivostok"]
[Date "2009.09.25"]
[Round "3"]
[White "Musaev, Rasul"]
[Black "Nechepurenko, Dmitriy"]
[Result "1-0"]
[WhiteElo "2118"]
[BlackElo "1871"]
[PlyCount "99"]
[EventDate "2009.09.23"]
[EventType "swiss"]
[EventRounds "9"]
[EventCountry "RUS"]
[SourceTitle "EXT 2022"]
[Source "ChessBase"]
[SourceDate "2021.10.06"]
[SourceVersion "1"]
[SourceVersionDate "2021.10.06"]
[SourceQuality "1"]

1. d4 a6 2. c4 Nf6 3. Nc3 g6 4. e4 d6 5. f3 Bg7 6. Be3 0-0 7. Qd2 Nc6 8. Nge2 e5 9. d5 Ne7 10. h4 h5 11. 0-0-0 Bd7 12. c5 Qb8 13. Kb1 Rd8 14. Nc1 Be8 15. Nd3 Nd7 16. cxd6 cxd6 17. g4 Nf6 18. Bg5 Qc7 19. Be2 Rdc8 20. Rdg1 b5 21. Bxf6 Bxf6 22. gxh5 a5 23. hxg6 fxg6 24. h5 b4 25. Nd1 Ba4 26. Ne3 Be8 27. hxg6 Nxg6 28. Rh6 Qb6 29. Rgxg6+ Bxg6 30. Rxg6+ Kf7 31. Rg2 Rg8 32. Rxg8 Rxg8 33. Ng4 Bg5 34. Qd1 Rc8 35. Qh1 Kg6 36. f4 exf4 37. e5 Qc7 38. Qe4+ Kg7 39. Qf5 Be7 40. Bd1 Rf8 41. Qe6 Bg5 42. exd6 Qc4 43. Nge5 Qe4 44. Bf3 Qh7 45. d7 a4 46. d6 a3 47. Qe7+ Bxe7 48. dxe7 Rf5 49. e8Q Rxe5 50. Qxe5+ 1-0

[Event "Vladivostok op"]
[Site "Vladivostok"]
[Date "2009.06.??"]
[Round "4"]
[White "Nechepurenko, Dmitriy"]
[Black "Tereshenko, Kirill"]
[Result "0-1"]
[WhiteElo "1871"]
[BlackElo "1876"]
[PlyCount "74"]
[EventDate "2009.06.??"]
[EventType "swiss"]
[EventRounds "9"]
[EventCountry "RUS"]
[SourceTitle "EXT 2012"]
[Source "ChessBase"]
[SourceDate "2011.11.24"]
[SourceVersion "1"]
[SourceVersionDate "2011.11.24"]
[SourceQuality "1"]

1. e4 Nc6 2. d4 d5 3. exd5 Qxd5 4. Nf3 Bg4 5. Nc3 Qd7 6. d5 Nb8 7. Bc4 Nf6 8. 0-0 g6 9. Bg5 Bg7 10. Bb5 c6 11. dxc6 Nxc6 12. Re1 a6 13. Ne5 Qf5 14. Bxc6+ bxc6 15. Nxg4 Nxg4 16. Bxe7 Qxf2+ 17. Kh1 Ne3 18. Qe2 Qxe2 19. Rxe2 Kxe7 20. Rxe3+ Kf8 21. Rae1 Bh6 22. Re7 Kg7 23. g3 Rab8 24. Na4 Bg5 25. R7e5 Bf6 26. Rc5 Rhc8 27. b3 Rb5 28. c4 Rxc5 29. Nxc5 a5 30. Kg2 Rd8 31. Re2 Bc3 32. Re7 Rd2+ 33. Kh3 Bb4 34. Ne6+ Kf6 35. Rc7 Kxe6 36. Rxc6+ Rd6 37. Rxd6+ Bxd6 0-1

[Event "Vladivostok op"]
[Site "Vladivostok"]
[Date "2009.06.??"]
[Round "9"]
[White "Pavlov, Vladimir"]
[Black "Nechepurenko, Dmitriy"]
[Result "1-0"]
[WhiteElo "2106"]
[BlackElo "1871"]
[PlyCount "67"]
[EventDate "2009.06.??"]
[EventType "swiss"]
[EventRounds "9"]
[EventCountry "RUS"]
[SourceTitle "EXT 2012"]
[Source "ChessBase"]
[SourceDate "2011.11.24"]
[SourceVersion "1"]
[SourceVersionDate "2011.11.24"]
[SourceQuality "1"]

1. e4 c6 2. f4 d5 3. e5 e6 4. Nf3 Qb6 5. c3 c5 6. d3 Nc6 7. Be2 Bd7 8. Nbd2 Nh6 9. c4 Nf5 10. Kf2 0-0-0 11. b3 d4 12. Ne4 Be7 13. Bd2 h6 14. a3 a5 15. Rb1 Rhg8 16. Qc2 g5 17. fxg5 hxg5 18. g4 Nh4 19. Bxg5 Bxg5 20. Nexg5 Nxf3 21. Nxf3 Rxg4 22. Rhg1 Rdg8 23. Rxg4 Rxg4 24. h4 Rg8 25. h5 Rh8 26. h6 Qc7 27. Qd2 Nxe5 28. Qg5 Nxf3 29. Bxf3 Qd8 30. Qxc5+ Bc6 31. Bxc6 bxc6 32. Qxc6+ Qc7 33. Qe4 Qb6 34. h7 1-0